000 00304nam a22001337a 4500
008 181218b xxu||||| |||| 00| 0 eng d
020 _a9780558384425
041 _aeng
080 _a510
100 _a37
101 _aMAT
245 _aExursions In Modern Mathematics
_cPeter.t
942 _2udc
_cBK
999 _c53375
_d53375